Colour atlas of medicinal plants, V2 (Record no. 396014)

MARC details
000 -LEADER
fixed length control field 00468 a2200181 4500
005 - DATE & TIME
control field 20260409124628.0
008 - FIXED-LENGTH DATA ELEMENTS--GENERAL INFORMATION
fixed length control field 260409b |||||||| |||| 00| 0 eng d
020 ## - ISBN
International Standard Book Number 9789390749171
Price Rs. 4195.00
040 ## - CATALOGING SOURCE
Original cataloging agency VIVEKANANDA LIBRARY
082 ## - DDC NUMBER
Classification number 581.634
Book Number B469C
100 ## - MAIN ENTRY--PERSONAL NAME
Personal name Bhutya, R K
245 ## - TITLE STATEMENT
Title Colour atlas of medicinal plants, V2
260 ## - PUBLICATION, DISTRIBUTION, ETC. (IMPRINT)
Name of publisher, distributor, etc Scientific Publishers
Date of publication, distribution, etc 2024
Place of publication, distribution, etc Jodhpur
300 ## - PHYSICAL DESCRIPTION
Pages xiv, 242
650 ## - Subject
Subject Botany
650 ## - Subject
Subject Medicinal Plants
942 ## - ADDED ENTRY ELEMENTS (KOHA)
Koha item type Books
Holdings
Withdrawn status Lost status Source of classification or shelving scheme Damaged status Not for loan Location (home branch) Sublocation or collection (holding branch) Shelving location Date acquired Koha issues (times borrowed) Koha full call number Accession No. Koha date last seen Copy number Koha item type
    Dewey Decimal Classification     VIVEKANANDA LIBRARY VIVEKANANDA LIBRARY Vivekananda Library 22/01/2026   581.634 B469C 444529 22/01/2026 V2 Books
© Designed and Maintained by Vivekananda Library, MDU Rohtak